000 01280nam2a22002651 4500
001 rc\4928564
005 20250612204958.0
021 _aRU
_b66-99791
021 _aRU
_bРг2010-67
035 _a(NLR Aleph) 008844836
090 _a8364842
_c8364842
100 _a20130426d1966 |||y0rusy50 ca
101 0 _arus
102 _aRU
105 _aa z |||||
200 0 _aЧ. 1 (общая)
_f[Сост.: Ю.А. Зайцев]
210 _d1966
_aБ. м.
215 _a64 с., 1 отд. л. табл.
461 0 _1001rc\4928563
_12001#$aРуководителям школ г. Москвы о планировании работы школы$eЧ. 1-$fМоск. гор. отд. нар. образования. Моск. гор. ин-т усовершенствования учителей$vЧ. 1 (общая)
_98364836
_cМосква
_d1966
_fМоск. гор. отд. нар. образования. Моск. гор. ин-т усовершенствования учителей
_nБ. и.
_oЧ. 1-
_tРуководителям школ г. Москвы о планировании работы школы
_vЧ. 1 (общая)
702 1 _aЗайцев
_bЮ.А.
_4220
801 0 _aRU
_bNLR
_gpsbo
801 1 _aRU
_bELAR
_2rusmarc
852 _aNLR
_j67-6/2469
942 _cBOOK
980 _aNB